000 00830nam a2200253Ia 4500
003 OSt
005 20221005112347.0
006 a|||||r|||| 00| 0
007 ta
008 221004b |||||||| |||| 00| 0 pan d
020 _a9789380085272 (hbk)
_c180
024 _a5668
037 _b647, 12/06/2013, H.K. Prakashan
_cTextual
040 _aCRL
_cCRL
_bpan
041 _2pan
_apan
082 _aO153,8N43x, P9
100 _aਗਰਗ, ਕੇ ਐਲ
245 0 _aਹੋFਾਂ ਤੇ ਹਾਸੇ
260 _aਸਮਾਣਾ
_bਸੰਗਮ ਪਬਲੀਕੇFਨਗ਼ ਭਾਰਤ
_c2009
300 _a127ਪੰ
_ccm.
650 _aਪੰਜਾਬੀ ਸਾਹਿਤ
942 _hO153,8N43x, P9
_cTEXL
_2cc
999 _c1024656
_d1024656